5-Letter TV Shows Quiz Stats

 Plays Quiz Updated Jun 15, 2018

Also try: 2-Word TV Shows
Challenge
Share
Tweet
Score 0/16 Timer 05:00
0 Plays Today
Hint Answer % Correct
Zorro (ABC 1957-1959)
91.3%
Bones (Fox 2005-2017)
85.7%
Arrow (CW 2012-present)
71.5%
Psych (USA 2008-2014)
70.9%
CHiPs (NBC 1977-1983)
64.8%
Louie (FX 2010-2015)
62.9%
Alias (ABC 2001-2006)
61.9%
Daria (MTV1997-2002)
59.1%
Hint Answer % Correct
Weeds (Showtime 2005-2012)
58%
Chuck (NBC 2007-2012)
57.3%
Suits (USA 2011-present)
47.2%
Angel (WB 1999-2004)
46.2%
Grimm (NBC 2011-2017)
24.4%
Greek (ABC Family 2007-2011)
13.2%
Skins (E4 2007-2013)
9.3%
Haven (SyFy 2010-2015)
6.3%

You're not logged in!

Compare scores with friends on all Sporcle quizzes.
Join for Free
OR
Log In

You Might Also Like...

Show Comments

Extras

Top Quizzes Today


Score Distribution

Your Account Isn't Verified!

In order to create a playlist on Sporcle, you need to verify the email address you used during registration. Go to your Sporcle Settings to finish the process.

Report this User

Report this user for behavior that violates our Community Guidelines.

Details: